Политическая классика

Dades bibliogràfiques
Autor principal: Жириновский В. В. Владимир Вольфович
Idioma:rus
Publicat: Москва, [Б. и.], 1996-
Format: Llibre
KOHA link:https://koha.lib.tpu.ru/cgi-bin/koha/opac-detail.pl?biblionumber=56737

MARC

LEADER 00000nam1a2200000 4500
001 56737
005 20231031053723.0
035 |a (RuTPU)RU\TPU\book\59594 
090 |a 56737 
100 |a 20031009d1996 m y0rusy50 ca 
101 0 |a rus 
102 |a RU 
200 1 |a Политическая классика  |f В. В. Жириновский 
210 |a Москва  |c [Б. и.]  |d 1996- 
318 |5 63413507  |a РОССИЯ. ЛИЧНОСТЬ. АКТУАЛЬНО.  |b выставка 
700 1 |a Жириновский  |b В. В.  |g Владимир Вольфович 
801 1 |a RU  |b 63413507  |c 20031009  |g PSBO 
801 2 |a RU  |b 63413507  |c 20090617  |g PSBO 
942 |c BK